000 00325nab a22001097u 4500
008 130520b2011 xxu||||| |||| 00| 0 fre d
041 _afre
100 1 _aMosca, Paul G.
_957922
245 0 2 _aA Note on Psalm 17:7
_cPaul G. Mosca
773 0 _tVetus Testamentum
_gV.61, nº3,2011,págs. 388-392
_x0042-4935
_wRev490
942 _cAR
999 _c323831
_d323831